01207nam a2200205 i 4500001000700000003000900007005001700016007000300033008004100036100002500077245014000102260005000242300002700292505045100319651004000770700002800810852002200838999001900860952012200879128676ES-MaACL20230906193336.0t|070523s1921 fr ||||1| fre d1 aTassy, Edme.910937614aLes ressources du travail intellectuel en France / cpar Edme Tassy et Pierre Léris ; avec une préface de M. le Général Sebert. aParís : bGauthier-Villars et Cie., c1921. aXXI, 711 p. ; c23 cm.8 aContiene: Renseignements généraux. - Sociétés savantes. - Associations professionnelles. - Encouragements et aides financiers. - Créations diverses pour le perfectionnement des études et pour l'expansion intellectuelle. - Services et établissements scientifiques spéciaux. - Périodiques spéciaux. - Bibliothèques et dépôts d'archives. - Bibliothèques circulantes, d'échange, de prêt. - Indications bibliographiques 4aFrancia-xVida intelectual.91573721 aLéris, Pierre.971774 aES-MaACLjE-13082 c128676d128676 00104070aATENEOMbATENEOMcDEPO2d2008-01-17eSCl0oE-13082p1134008r2023-02-23 00:00:00w2023-02-23yMONOGRAFIA